| 000 | 00398nam a22001457a 4500 | ||
|---|---|---|---|
| 020 | _a9789332555136 | ||
| 040 | _cNUST | ||
| 082 | _a621.382 PRO | ||
| 100 |
_aProakis, John G _9662 |
||
| 110 |
_aMasoud Salehi _9111764 |
||
| 245 | _aCommunication Systems Engineering | ||
| 260 |
_aIndia: _bPearson, _c2015. |
||
| 650 |
_aDCE.TEXTBOOB COMMUNICATION SYSTEMS ENGINEERING _9111596 |
||
| 942 |
_2ddc _cTEXT |
||
| 999 |
_c594392 _d594392 |
||